[Event "Bad Godesberg op 15th"]
[Site "Bad Godesberg"]
[Date "2011.07.28"]
[Round "6"]
[White "Silles, Marco"]
[Black "Auschkalnis, Reinhard"]
[Result "0-1"]
[WhiteElo "1484"]
[BlackElo "1577"]
[PlyCount "102"]
[EventDate "2011.07.23"]
[EventType "swiss"]
[EventRounds "9"]
[EventCountry "GER"]
[SourceTitle "EXT 2017"]
[Source "ChessBase"]
[SourceDate "2016.10.25"]
[SourceVersion "1"]
[SourceVersionDate "2016.10.25"]
[SourceQuality "1"]

1. e4 c5 2. Bc4 Nc6 3. Nf3 d6 4. h3 Nf6 5. d3 e6 6. 0-0 Be7 7. Nc3 0-0 8. a3 b6 9. Be3 Bb7 10. Qb1 d5 11. exd5 exd5 12. Bb5 d4 13. Bxc6 Bxc6 14. Ne5 Bb7 15. Bf4 dxc3 16. bxc3 Qd5 17. f3 Nh5 18. Bh2 f5 19. Qe1 Bd6 20. c4 Qd4+ 21. Kh1 f4 22. Ng4 Rae8 23. Qh4 Nf6 24. Bg1 Qc3 25. Rae1 Nxg4 26. Rxe8 Rxe8 27. Qxg4 Bc8 28. Qg5 Qf6 29. Qd5+ Kh8 30. Bf2 h6 31. Re1 Rxe1+ 32. Bxe1 Qe5 33. Qe4 Qxe4 34. dxe4 Be5 35. c3 Be6 36. Kg1 Bxc4 37. Bd2 Bd3 38. Kf2 c4 39. Ke1 b5 40. Kf2 Bd6 41. Ke1 g5 42. Bc1 Kg7 43. Kf2 Kf6 44. Bb2 Ke5 45. Ke1 h5 46. Bc1 g4 47. hxg4 hxg4 48. fxg4 Bxe4 49. Kf1 Bc5 50. Bb2 Bd3+ 51. Ke1 Be3 0-1

[Event "Bad Godesberg op 15th"]
[Site "Bad Godesberg"]
[Date "2011.07.23"]
[Round "1"]
[White "Eckermann, Juergen"]
[Black "Silles, Marco"]
[Result "1-0"]
[WhiteElo "1619"]
[BlackElo "1484"]
[PlyCount "33"]
[EventDate "2011.07.23"]
[EventType "swiss"]
[EventRounds "9"]
[EventCountry "GER"]
[SourceTitle "EXT 2017"]
[Source "ChessBase"]
[SourceDate "2016.10.25"]
[SourceVersion "1"]
[SourceVersionDate "2016.10.25"]
[SourceQuality "1"]

1. d4 d5 2. c4 e6 3. Nf3 Nc6 4. e3 Nf6 5. Nc3 dxc4 6. Bxc4 Bb4 7. 0-0 0-0 8. a3 Bxc3 9. bxc3 a6 10. a4 Na5 11. Bd3 h6 12. Ba3 Re8 13. Ne5 Nd7 14. f4 Nxe5 15. fxe5 Qg5 16. Qf3 f5 17. exf6 1-0